000 00853cam a2200229 a 4500
001 4259011
005 20180208092449.0
008 840413s1984 enka b 101 0 eng
010 _a 84007773
020 _a0198536011 :
_c$49.95 (U.S.)
040 _aDLC
_cDLC
_dDLC
041 _aeng
080 _a001.64 PAD
082 0 0 _a001.64 PAD
_219
100 _a28
101 _aSHK
245 0 0 _aSupercomputers and parallel computation :
_corganized by the Institute of Mathematics and Its Applications, and held in Bristol, 2-3 September 1982 ; edited by D.J. Paddon.
504 _aIncludes bibliographies and indexes.
740 0 _aSuper-computers and parallel computation.
906 _a7
_bcbc
_corignew
_d1
_eocip
_f19
_gy-gencatlg
942 _2ddc
_cBK
999 _c42180
_d42180